|
|
|
|
| LEADER |
00000nam a22000007a 4500 |
| 005 |
20180331220225.0 |
| 007 |
cr|||| |||| |
| 008 |
180331s2015 mx |||||s|||| 00||0 spa d |
| 020 |
|
|
|a 978-607-8156-39-9
|
| 035 |
|
|
|a 21213
|
| 040 |
|
|
|a vLex
|
| 090 |
|
|
|c 7619
|d 7619
|
| 100 |
1 |
|
|a Vs̀quez Gǹdara, Carlos Antonio
|
| 245 |
1 |
0 |
|a Ley nacional de mecanismos alternativos de solucin̤ de controversias en materia penal
|h [Recurso electrn̤ico] /
|c Carlos Antonio Vs̀quez Gǹdara
|
| 256 |
|
|
|a Servicio en ln̕ea
|
| 260 |
|
|
|a Veracruz:
|b Universidad de Xalapa,
|c 2015
|
| 300 |
|
|
|a 1 recurso electrn̤ico
|
| 506 |
1 |
|
|a Disponible solo en los productos indicados
|d vLex Global
|d vLex Global (Academic Edition, excluding Law Schools)
|d vLex Global (U.S. Academic Edition, Law Schools)
|d vLex Global (U.S. Academic Edition, excluding Law Schools)
|d vLex Global (Academic Edition, Law Schools)
|
| 650 |
0 |
4 |
|a Derecho Penal
|z Mx̌ico
|
| 740 |
0 |
|
|a vLex Libros (Servicio en ln̕ea)
|
| 856 |
4 |
0 |
|u http://vlex.com/source/ley-nacional-mecanismos-alternativos-solucion-controversias-materia-penal-21213
|z Acceso restringido
|
| 942 |
|
|
|c BOOK
|
| 999 |
0 |
|
|a Criminal law
|